000 00481nam a2200169Ia 4500
003 GCL
008 140319s9999 xx 000 0 eng d
040 _aGCL /
_cGCL
082 0 4 _a193
_bB F
100 1 _aBEISER, FREDERICK
245 1 0 _aTHE FATE OF REASON: GERMAN PHILOSOPHY FROM KANT TO FICHTE /
_cBEISER, FREDERICK
260 _a[S.N] :
_bHARVARD UNVIERSITY PRESS ،
_c1993
300 _a395 P
650 0 4 _aREASON HISTOEY
650 0 4 _aGERMAN - PHILOSOPHY
942 _2ddc
_cBK
999 _c10390
_d10390